Nachbarländer der Serbischen Regionen Quiz - Statistiken

Allgemein
  • Dieses Quiz wurde 11 mal gespielt
  • Das Durchschnittsergebnis liegt bei 9 aus 18
Antwortstatistiken
Regionen Nachbarstaat % Korrekt
Toplica Kosovo
89%
Rasina Kosovo
89%
Juzna Backa Kroatien
89%
Srednji Banat Rumänien
89%
Juzni Banat Rumänien
89%
Branicevo Rumänien
89%
Macva Bosnien und Herzegowina
78%
Zajecar Bulgarien
78%
Pirot Bulgarien
78%
Severna Backa Ungarn
78%
Jablanica Bulgarien Kosovo
22%
Bor Bulgarien Rumänien
22%
Zapadna Backa Kroatien Ungarn
11%
Severni Banat Rumänien Ungarn
11%
Srem Bosnien und Herzegowina Kroatien
0%
Zlatibor Bosnien und Herzegowina Montenegro
0%
Pcinja Bulgarien Kosovo Nordmazedonien
0%
Raska Kosovo Montenegro
0%
Keine übereinstimmenden Quizze gefunden
Verteilung der Resultate
Anzahl Personen mit jedem Resultat
Perzentil nach korrekt beantworteten Fragen
Ihre Resultats-Entwicklung
Sie haben dieses Quiz noch nicht gespielt